000 03394cam a2200577 4500500
005 20260405003945.0
041 _afre
042 _adc
100 1 0 _aPoloméni, Pierre
_eauthor
700 1 0 _aKarila, Laurent
_eauthor
245 0 0 _a40 ans d’évolution des médicaments en « addictologie ». Quelques points de repère
260 _c2026.
500 _a51
520 _aGuérir un trouble de l’usage d’un produit ou une maladie bio-psycho-sociale ressemble à un défi – voire à un paradoxe ! Mais l’importance des dommages liés à la nocivité du produit ou à la dépendance est un stimulant puissant pour les recherches. 40 à 50 ans d’addictions en France n’ont vu émerger que de rares molécules, souvent à effet partiel et décevantes. Les traitements de substitution (nicotine et opiacés) sont les seuls, à ce jour, qui font preuve avec constance d’une amélioration de la qualité de vie et d’une diminution des dommages. Nous avons essayé de mettre en visibilité toutes les molécules qui ont été ou sont encore disponibles dans ce champ, ainsi que des perspectives réalistes. Il faut insister sur l’importance des prises en charge globales – dont les médicaments ne représentant parfois qu’une petite part – pour accueillir, accompagner, améliorer la vie des usagers qui consultent les équipes spécialisées.
520 _aCuring a substance use disorder or a biopsychosocial illness seems like a challenge—even a paradox! But the extent of the damage caused by substances or by addiction is a powerful stimulus for research. Forty to fifty years of addiction research in France have yielded only a few medications, often with partial and disappointing effects. Substitution treatments (nicotine and opiates) are the only ones to date that consistently demonstrate an improvement in quality of life and a reduction in harm. We have attempted to highlight all the medications that have been or are still available in this field, as well as realistic prospects. It is crucial to emphasize the importance of comprehensive care—of which medication sometimes represents only a small part—in order to welcome, support, and improve the lives of users who consult specialist teams.
690 _aaccompagnement
690 _aaddiction
690 _aaddictologie
690 _abaclofène
690 _adépendance
690 _adrogues
690 _aefficacité
690 _amédicament
690 _amolécules
690 _aN-Acetyl Cysteine
690 _anicotine
690 _aopiacés
690 _aprise en charge
690 _aproduit illicite
690 _atraitement
690 _atraitements de substitution
690 _atraitements médicamenteux
690 _aaddiction
690 _aaddiction medicine
690 _abaclofen
690 _acare
690 _adependence
690 _adrug treatments
690 _adrugs
690 _aefficacy
690 _aillicit substances
690 _amedication
690 _aN-Acetyl Cysteine
690 _anicotine
690 _aopiates
690 _asubstitution treatments
690 _asupport
690 _atreatment
786 0 _nPsychotropes | 32 | 1-2 | 2026-03-16 | p. 51-68 | 1245-2092
856 4 1 _uhttps://shs.cairn.info/revue-psychotropes-2026-1-2-page-51?lang=fr&redirect-ssocas=7080
999 _c2072428
_d2072428